Prof. G Ram Reddy Library

Nursing concept analysis (Record no. 122540)

MARC details
000 -LEADER
fixed length control field 00569nam a2200193Ia 4500
003 - CONTROL NUMBER IDENTIFIER
control field LDD
008 - FIXED-LENGTH DATA ELEMENTS--GENERAL INFORMATION
fixed length control field 181029s9999 xx 000 0 und d
020 ## - INTERNATIONAL STANDARD BOOK NUMBER
International Standard Book Number 9780826126771
Terms of availability
Field link and sequence number 5.00
040 ## - CATALOGING SOURCE
Transcribing agency LDD
100 ## - MAIN ENTRY--PERSONAL NAME
Personal name Fitzpatrick, Joyce J.
245 #0 - TITLE STATEMENT
Title Nursing concept analysis
Remainder of title applications to research and pratice
Statement of responsibility, etc. Joyce J. Fitzpatrick
260 ## - PUBLICATION, DISTRIBUTION, ETC.
Place of publication, distribution, etc. Newyork
Name of publisher, distributor, etc. Springer
Date of publication, distribution, etc. 2016
300 ## - PHYSICAL DESCRIPTION
Extent xiii,311p.
365 ## - TRADE PRICE
Price amount
Field link and sequence number 5.00
901 ## - LOCAL DATA ELEMENT A, LDA (RLIN)
a 16006
b 11-08-2017
902 ## - LOCAL DATA ELEMENT B, LDB (RLIN)
a 4349
b 18-08-2017
c F
d BBD
e 61A
903 ## - LOCAL DATA ELEMENT C, LDC (RLIN)
a Discount-20
b Reqst by : Neerja Sood
942 ## - ADDED ENTRY ELEMENTS (KOHA)
Source of classification or shelving scheme Dewey Decimal Classification
Koha item type Books
Holdings
Withdrawn status Lost status Source of classification or shelving scheme Damaged status Not for loan Home library Current library Total Checkouts Full call number Barcode Date last seen Cost, replacement price Price effective from Koha item type Public note
No   Dewey Decimal Classification     Library and Documentation Division Library and Documentation Division   610.73072 N937 105887 11/01/2018 5448.50 11/01/2018 Books In-Process

© Prof. G Ram Reddy Centre Library, Indira Gandhi National Open University, Maidan Garhi, New Delhi, 110068
+91-011-29532797 | FAX+91-011-29533393 |